NLSUI OPAC header image

Global perspectives on integrated water resources management / (Record no. 29786)

MARC details
000 -LEADER
fixed length control field 03560cam a22003854a 4500
001 - CONTROL NUMBER
control field 14546222
003 - CONTROL NUMBER IDENTIFIER
control field OSt
005 - DATE AND TIME OF LATEST TRANSACTION
control field 20210625112650.0
008 - FIXED-LENGTH DATA ELEMENTS--GENERAL INFORMATION
fixed length control field 060911s2006 ii a b 001 0 eng
010 ## - LIBRARY OF CONGRESS CONTROL NUMBER
LC control number 2006541200
020 ## - INTERNATIONAL STANDARD BOOK NUMBER
International Standard Book Number 8171885616
025 ## - OVERSEAS ACQUISITION NUMBER
Overseas acquisition number I-E-2006-541200; 35-92
037 ## - SOURCE OF ACQUISITION
Source of stock number/acquisition Library of Congress -- New Delhi Overseas Office
Terms of availability Rs995.00
040 ## - CATALOGING SOURCE
Original cataloging agency DLC
Transcribing agency DLC
Modifying agency DLC
042 ## - AUTHENTICATION CODE
Authentication code lcode
050 00 - LIBRARY OF CONGRESS CALL NUMBER
Classification number TD220.2
Item number .G585 2006
245 00 - TITLE STATEMENT
Title Global perspectives on integrated water resources management /
Statement of responsibility, etc. Vasudha Pangare ... [et al.].
246 18 - VARYING FORM OF TITLE
Title proper/short title Global perspectives on IWRM
260 ## - PUBLICATION, DISTRIBUTION, ETC.
Place of publication, distribution, etc. New Delhi :
Name of publisher, distributor, etc. Academic Foundation,
Date of publication, distribution, etc. 2006.
300 ## - PHYSICAL DESCRIPTION
Extent 212 p. :
Other physical details ill. ;
Dimensions 29 cm.
500 ## - GENERAL NOTE
General note "Published in association with: World Water Institute; supported by: Food and Agricultural Organization (FAO), and United Nations Educational, Scientific, and Cultural Organization (UNESCO)"--T.p. verso.
500 ## - GENERAL NOTE
General note "A resource kit"--Cover.
504 ## - BIBLIOGRAPHY, ETC. NOTE
Bibliography, etc. note Includes bibliographical references and index.
505 ## - FORMATTED CONTENTS NOTE
Formatted contents note Contents:<br/>Foreword;<br/>Acknowledgements;<br/>List of Tables, Figures, Boxes and Appendix;<br/>Acronyms;<br/>Preface;<br/>Part A: Understanding Integrated Water Resources Management;<br/>Section I: Understanding IWRM;<br/>Introduction;<br/>Need for Integrated Water Resources Management;<br/>Water Related Challenges;<br/>Management Challenges: Stewardship and Governance;<br/>Multiple Aspects of Water Management;<br/>Definitions of IWRM;<br/>Principles of IWRM;<br/>Implementation of IWRM;<br/>Important Cross-cutting Elements in IWRM Implementation;<br/>Constraints and Questions in IWRM Implementation;<br/>Section II: IWRM, Floods and Droughts;<br/>Introduction;<br/>Floods;<br/>Drought;<br/>IWRM as a Risk Reduction Strategy;<br/>Section III: Overview of Case Studies;<br/>IWRM Principles and Implementation Processes in the Case Studies;<br/>Section IV: Conclusions;<br/>Part B: Case Studies;<br/>Case Study 1: Land and Water Management Planning in Warangal District, Andhra Pradesh, India;<br/>Case Study 2: Farmer Managed Groundwater Systems: Coping with Drought in Andhra Pradesh, India;<br/>Case Study 3: Restoring Water Flows in the Deschutes River, Oregon, USA;<br/>Case Study 4: Emphasising Catchment Management in the Ping River Basin, Thailand;<br/>Case Study 5: Conservation and Management of Laguna de Bay, Philippines;<br/>Case Study 6: Managing Cambodia’s Great Lake: The Tonle Sap;<br/>Case Study 7: Institutional Capacity Building: Bang Pakong Dialogue Initiative;<br/>Case Study 8: IWRM at the Grassroots: Gagas River Basin, Uttaranchal, India;<br/>Case Study 9: Decentralisation through Policy Reforms: Lerma Chapala Basin, Mexico<br/>Case Study 10: Sharing the Mekong River Basin: Issues and Challenges for Sustainable Development;<br/>Case Study 11: Transboundary Cooperation: Rhine River Network, Europe;<br/>Case Study 12: Promising Approaches in Water Resources Management in the Drinking Water Supply and Sanitation Sector: IRC Project;<br/>Index.
650 #0 - SUBJECT ADDED ENTRY--TOPICAL TERM
Topical term or geographic name entry element Integrated water development
Form subdivision Case studies.
650 #0 - SUBJECT ADDED ENTRY--TOPICAL TERM
Topical term or geographic name entry element Water-supply
General subdivision International cooperation
Form subdivision Case studies.
700 1# - ADDED ENTRY--PERSONAL NAME
Personal name Pangare, Vasudha.
710 2# - ADDED ENTRY--CORPORATE NAME
Corporate name or jurisdiction name as entry element World Water Institute (Pune, India)
856 41 - ELECTRONIC LOCATION AND ACCESS
Materials specified Table of contents only
Uniform Resource Identifier <a href="http://www.loc.gov/catdir/toc/fy0715/2006541200.html">http://www.loc.gov/catdir/toc/fy0715/2006541200.html</a>
856 42 - ELECTRONIC LOCATION AND ACCESS
Materials specified Contributor biographical information
Uniform Resource Identifier <a href="http://www.loc.gov/catdir/enhancements/fy0714/2006541200-b.html">http://www.loc.gov/catdir/enhancements/fy0714/2006541200-b.html</a>
856 42 - ELECTRONIC LOCATION AND ACCESS
Materials specified Publisher description
Uniform Resource Identifier <a href="http://www.loc.gov/catdir/enhancements/fy0714/2006541200-d.html">http://www.loc.gov/catdir/enhancements/fy0714/2006541200-d.html</a>
906 ## - LOCAL DATA ELEMENT F, LDF (RLIN)
a 7
b cbc
c origode
d 3
e ncip
f 20
g y-gencatlg
942 ## - ADDED ENTRY ELEMENTS (KOHA)
Source of classification or shelving scheme Dewey Decimal Classification
Koha item type BOOKs
Holdings
Withdrawn status Lost status Damaged status Not for loan Home library Current library Shelving location Date acquired Cost, normal purchase price Total Checkouts Full call number Barcode Date last seen Price effective from Koha item type
        . .   30.05.2017 995.00   333.913 PAN 27199 30.05.2017 30.05.2017 BOOKs